000 00800nam a2200241Ia 4500
003 GCL
008 140319s9999 xx 000 0 ara d
040 _aGCL /
_cGCL
082 0 4 _a811.092
_bم م
100 1 _aمدحت الجيار
245 1 0 _aمسرح شوقى الشعرى دراسة فى توظيف الصورة الشعرية وبنية النص /
_cمدحت الجيار
260 _aالقاهرة :
_bدار المعارف ،
_c1992
300 _a347 ص ؛
_c24 سم
490 _a
650 0 4 _aالشعر العربى
650 0 4 _aالنقد
650 0 4 _aالشعر العاطفى
650 0 4 _aالشعر المسرحى
650 0 4 _aاحمد شوقى
650 0 4 _aتاريخ ونقد
650 0 4 _aالشعر العربى - العصر الحديث
942 _2ddc
_cBK
999 _c37973
_d37973